000 00541nam a22001697a 4500
003 OSt
005 20260123160942.0
008 260123b |||||||| |||| 00| 0 eng d
040 _cMRSPTU
041 _aEnglish
100 _aNandini Garg, Supervisor: Naresh Kumar Garg
245 _aA Home Security Mechanism Using Paired Key for Sensor to Cloud Communications
260 _bDepartment of CSE, MRSPTU, Bathinda
_c2016
650 _aComputer Science
856 _uhttp://163.47.215.52:8080/jspui/handle/123456789/246
942 _2ddc
_cTH
_n0
999 _c10747
_d10747